Devinez la Capitale Mystère #119 - Statistiques

Statistiques générales
  • Ce quiz a été pris 96 fois
  • Le résultat moyen est 30 sur 32
Statistiques - réponses
Type de Réponse Réponse % Correct
Lettre de l'Alphabet A
100%
Lettre de l'Alphabet I
100%
Lettre de l'Alphabet P
100%
Lettre Bien Placée R
100%
Lettre Trouvée R
100%
Lettre de l'Alphabet S
100%
Lettre Trouvée E
99%
Lettre de l'Alphabet L
99%
Lettre Trouvée N
99%
Lettre Trouvée B
97%
Lettre de l'Alphabet G
97%
Lettre de l'Alphabet O
97%
Lettre de l'Alphabet T
97%
Lettre de l'Alphabet D
96%
Lettre de l'Alphabet M
96%
Lettre de l'Alphabet U
96%
Lettre de l'Alphabet C
95%
Lettre Bien Placée B
91%
Lettre Bien Placée E
91%
Lettre de l'Alphabet H
91%
Lettre de l'Alphabet K
91%
Lettre de l'Alphabet V
91%
Lettre Bien Placée E
90%
Lettre de l'Alphabet W
90%
Lettre de l'Alphabet X
90%
Lettre de l'Alphabet Y
90%
Lettre Bien Placée N
88%
Capitale Mystère Berne
87%
Lettre de l'Alphabet F
87%
Lettre de l'Alphabet J
87%
Lettre de l'Alphabet Q
87%
Lettre de l'Alphabet Z
87%
Aucun quiz correspondant
Distribution des résultats
% des personnes avec chaque résultat
Percentile par nombre de réponses
Votre historique - résultats
Vous n’avez pas pris ce quiz